| 000 | 01572naa a22003737a 4500 | ||
|---|---|---|---|
| 001 | BR8501019 | ||
| 003 | BR-BrBNA | ||
| 005 | 20240918175536.0 | ||
| 007 | ta | ||
| 008 | 230509b bl.||||| |||| 00| 0 por d | ||
| 040 |
_aBR-BrBNA _bpor _cBiblioteca Nacional de Agricultura |
||
| 041 | _a(Pt) | ||
| 072 |
_aF60 _b1123 _b3801 _bG514 |
||
| 090 | _aF60 BR8501019 | ||
| 100 | 1 | _aFerreira Filho, C. de Q. | |
| 100 | 1 | _aSilva, J.U.B. | |
| 100 | 1 | _aTrindade, J. | |
| 100 | 1 | _aSilva, L.M.S. da | |
| 111 | 1 |
_a7. Congresso Brasileiro de Fruticultura _cFlorianopolis, SC (Brazil) _d26-30 Sep 1983 |
|
| 245 | 1 | _aLevantamento do estado nutricional do maracujazeiro amarelo Passiflora edulis f. flavicarpa, Deg. em Sergipe [macroelemento, nutricao vegetal, analise foliar, Brasil] | |
| 246 | 1 | _aSurvey of the nutritional status of yellow passionflower Passiflora edulis f. flavicarpa, Deg. in Sergipe [macroelement, plant nutrition, foliar analysis, Brazil] | |
| 246 | 1 | _a[Proceedings of the 7. Brazilian Congress on Fruit Crops] | |
| 260 | 3 |
_aFlorianopolis, SC (Brasil): _c1984. |
|
| 500 | _aAnais do 7. Congresso Brasileiro de Fruticultura Florianopolis, SC (Brasil): 1984. v. 3 p. 1000-1008 (BR8501019-AM)F60 | ||
| 650 | _aMARACUJA | ||
| 650 | _aVARIEDADE | ||
| 650 | _aMACROELEMENTO | ||
| 650 | _aNUTRIENTE | ||
| 650 | _aANALISE FOLIAR | ||
| 650 | _aSERGIPE | ||
| 773 | 0 |
_tAnais do 7. Congresso Brasileiro de Fruticultura _wF60 BR8501019 _gFlorianopolis, SC (Brasil), 1984. v. 3 p. 1000-1008 |
|
| 909 |
_a202404 _bLucia _c55 _dLucia Elande |
||
| 942 |
_cAM _2AGRIS |
||
| 999 |
_c317184 _d317184 |
||